| 000 | 00926cam a2200301 a 4500 | ||
|---|---|---|---|
| 001 | 4468776 | ||
| 003 | ARRUPE | ||
| 005 | 20141031111225.0 | ||
| 008 | 890608s1988 enk b 001 0 eng d | ||
| 020 | _a0192192094 (cased) : | ||
| 020 | _a0192891901 (pbk.) : | ||
| 035 | _a(OCoLC)24010508 | ||
| 035 | _a(OCoLC)ocm24010508 | ||
| 035 | _a(NNC)4468776 | ||
| 040 |
_aUk _cUk _dDLC _dNSbSU _dNjPT _dNNUT |
||
| 090 |
_aB833 _b.C67 1988 |
||
| 100 | 1 |
_aCottingham, John, _d1943- _912308 |
|
| 245 | 1 | 4 |
_aThe rationalists / _cJohn Cottingham. |
| 260 |
_aOxford (Oxfordshire) ; _aNew York : _bOxford University Press, _c1988. |
||
| 300 |
_axii, 234 p. ; _c22 cm. |
||
| 490 | 1 |
_aOPUS. History of Western philosophy ; _v4 |
|
| 500 | _aIncludes index. | ||
| 504 | _aBibliography: p. [226]-229. | ||
| 650 | 0 |
_aRationalism. _985 |
|
| 830 | 0 |
_aHistory of Western philosophy ; _v4. _912309 |
|
| 942 |
_2lcc _cMONOGRAPH |
||
| 999 |
_c121154 _d121154 |
||